000 00340nam a2200133Ia 4500
005 20251222143313.0
008 251222s9999||||xx |||||||||||||| ||spa||
020 _a9972-804-31-3
082 _a330.078.5/I37
100 _aIguíñiz, Javier
245 0 _aLa Investigación Económica y Social en el Perú:
264 _bCIES
942 _cLIB
999 _c15789
_d15789